Markets (Record no. 83147)
[ view plain ]
| 000 -LEADER | |
|---|---|
| fixed length control field | 01189cab a22001935a 4500 |
| 001 - CONTROL NUMBER | |
| control field | L152960 |
| 008 - FIXED-LENGTH DATA ELEMENTS--GENERAL INFORMATION | |
| fixed length control field | 110518e20110513xxk 000 0 eng d |
| 035 ## - SYSTEM CONTROL NUMBER | |
| System control number | (Sirsi) u152960 |
| 041 0# - LANGUAGE CODE | |
| Language code of text/sound track or separate title | eng |
| 100 1# - MAIN ENTRY--PERSONAL NAME | |
| Personal name | Unger, Paul |
| 245 00 - TITLE STATEMENT | |
| Title | Markets |
| Remainder of title | Greater Manchester |
| 260 ## - PUBLICATION, DISTRIBUTION, ETC. | |
| Date of publication, distribution, etc. | 2011 |
| 490 #0 - SERIES STATEMENT | |
| Series statement | Property Week |
| Volume/sequential designation | 77(19) 13 May 2011, 41-52(6) |
| 520 ## - SUMMARY, ETC. | |
| Summary, etc. | Trafford Council plans to return Royal London Asset Management's Davenport Green site to green belt status. Realty Estates purchases the BBC's 327 000 sq ft office and studio building New Broadcasting House in Manchester. Take-up of offices in Manchester city centre in Q1 2011 has fallen by 60% from Q1 2010 levels. Guardian Media Group's Trafford Park printing facilities goes to market in May. Manufacturers Holroyd Precision and Tygavac to consider relocating to Rochdale's Kingway Business Park. LPA receivers achieve improvement in Stockport's Merseyway shopping centre's fortunes. Enterprise Zone status on its own cannot guarantee large-scale development at Manchester's Airport City. |
| 590 ## - LOCAL NOTE (RLIN) | |
| Local note | KA |
| 651 #4 - SUBJECT ADDED ENTRY--GEOGRAPHIC NAME | |
| Geographic name | Greater Manchester |
| 690 ## - LOCAL SUBJECT ADDED ENTRY--TOPICAL TERM (OCLC, RLIN) | |
| Topical term or geographic name as entry element | PROPERTY-COMMERCIAL PROPERTY-COMMERCIAL PROPERTY MARKET |
| 942 ## - ADDED ENTRY ELEMENTS (KOHA) | |
| Suppress in OPAC | 0 |
| Withdrawn status | Lost status | Source of classification or shelving scheme | Damaged status | Not for loan | Home library | Current library | Shelving location | Date acquired | Total Checkouts | Full call number | Barcode | Date last seen | Copy number | Price effective from | Koha item type |
|---|---|---|---|---|---|---|---|---|---|---|---|---|---|---|---|
| Dewey Decimal Classification | London | London | Journal article | 18/05/2011 | L152960 | 152960-1001 | 06/08/2019 | 1 | 06/08/2019 | Journal article |